Carregant...
Modern laboratory physics /
| Autor principal: | |
|---|---|
| Altres autors: | |
| Format: | Printed Book |
| Idioma: | English |
| Publicat: |
Heinemann Edu. Books,
1971.
|
| Matèries: |
| LEADER | 00468nam a2200145Ia 4500 | ||
|---|---|---|---|
| 008 | 150624b xxu||||| |||| 00| 0 eng d | ||
| 082 | |a 530 | ||
| 100 | |a Avery, J. H. | ||
| 245 | |a Modern laboratory physics / |c J. H. Avery | ||
| 260 | |b Heinemann Edu. Books, |c 1971. | ||
| 650 | |x Physics. | ||
| 700 | |a Ingram, A. W. K. | ||
| 942 | |c BK | ||
| 999 | |c 6864 |d 6864 | ||
| 952 | |0 0 |1 0 |4 0 |6 530_000000000000000_AVE_M |7 0 |9 6863 |a UL |b UL |c ST2 |d 1998-09-07 |l 0 |o 530 AVE/M |p 10926 |r 2012-10-27 |w 2012-10-27 |y BK | ||